| 000 | 00461nam a2200181Ia 4500 | ||
|---|---|---|---|
| 008 | 131103s9999 xx 000 0 und d | ||
| 040 | _aLoreto College | ||
| 041 | _aEnglish | ||
| 082 |
_aREF3 _bLCBED/2692 |
||
| 100 | _aJerrome, Edward G. | ||
| 245 |
_aTales of shipwreck _cEdward G.Jerrome |
||
| 260 |
_aLondon _bBlackie _c1959 |
||
| 300 |
_a25p. _b pic. _c 20cm. |
||
| 440 | _aTrue Adventure Series | ||
| 650 | _aREF | ||
| 850 | _aLCBED/REF | ||
| 942 | _cBK | ||
| 999 |
_c33580 _d84059 |
||